Statistics for Counties of Rhode Island Quiz

Click here to take the quiz!

General Stats

  • This quiz has been taken 688 times
  • The average score is 4 of 5

Answer Stats

County % Correct
Providence
89%
Newport
69%
Kent
69%
Washington
65%
Bristol
62%

Score Distribution

Percentile by Number Answered

Percent of People with Each Score

Your Score History

You have not taken this quiz